{"text_format":"3","workbook":"xlsx","n_sheets":1,"sheets":["机修"],"not_rendered":{"defined_names":1},"read":"whole","date_system":"1900"}

{"sheet":"机修","index":0,"n_rows":167,"n_cols":11,"rows_kept":167,"merged":[[0,0,0,10],[166,4,166,5],[166,8,166,9]]}
["2021年临江公司三固项目机修普通备品备件采购计划清单"]
["序号","配件名称","型号规格及要求","品牌/厂家","单位","数量","单价","金额","最高限价","限额","备注"]
[1,"软连接","两头碳钢松套法兰橡胶1\"*25",null,"个",5,null,null,350,{"$f":"F3*I3","v":1750},"/"]
[2,"PPR活结","1/2",null,"个",10,null,null,200,2000,"/"]
[3,"软连接","两头碳钢松套法兰橡胶100*50",null,"个",3,null,null,400,1200,"/"]
[4,"软连接","两头碳钢松套法兰橡胶1¼*32",null,"个",3,null,null,500,1500,"/"]
[5,"软连接","两头碳钢松套法兰橡胶125*80",null,"个",3,null,null,400,1200,"/"]
[6,"软连接","两头碳钢松套法兰橡胶150*100",null,"个",3,null,null,500,1500,"/"]
[7,"软连接","两头碳钢松套法兰橡胶2\"*50",null,"个",3,null,null,300,900,"/"]
[8,"软连接","两头碳钢松套法兰橡胶2\"*50-pn30",null,"个",3,null,null,400,1200,"/"]
[9,"软连接","两头碳钢松套法兰橡胶2½*65",null,"个",3,null,null,700,2100,"/"]
[10,"软连接","两头碳钢松套法兰橡胶3\"*80",null,"个",3,null,null,400,1200,"/"]
[11,"过滤器","两头碳钢松套法兰橡胶4\"",null,"个",3,null,null,1200,3600,"/"]
[12,"软连接","两头碳钢松套法兰橡胶4\"*80",null,"个",3,null,null,500,1500,"/"]
[13,"软连接","两头碳钢松套法兰橡胶40*25",null,"个",3,null,null,300,900,"/"]
[14,"软连接","两头碳钢松套法兰橡胶40*32",null,"个",3,null,null,300,900,"/"]
[15,"软连接","两头碳钢松套法兰橡胶4in-100mm-pn30",null,"个",3,null,null,500,1500,"/"]
[16,"软连接","两头碳钢松套法兰橡胶65*50",null,"个",3,null,null,300,900,"/"]
[17,"软连接","两头碳钢松套法兰橡胶80*50",null,"个",3,null,null,350,1050,"/"]
[18,"快速接头","C型  PN16  DN100碳钢",null,"个",3,null,null,300,900,"熟石灰卸车"]
[19,"快速接头 母端","C型  PN16  DN50铝合金",null,"个",3,null,null,200,600,"废液，A线湿法碱液接槽车"]
[20,"快速接头 母端","C型  PN16  DN80铝合金",null,"个",3,null,null,250,750,"燃油"]
[21,"PVC蝶阀","DN100*4\"",null,"个",3,null,null,500,1500,"/"]
[22,"PVC球阀","DN15",null,"个",3,null,null,200,600,"/"]
[23,"PPR球阀","DN15",null,"个",3,null,null,300,900,"/"]
[24,"PPR球阀","DN150",null,"个",3,null,null,900,2700,"/"]
[25,"PVC蝶阀","DN150*6\"",null,"个",3,null,null,500,1500,"/"]
[26,"PVC球阀","DN20",null,"个",3,null,null,300,900,"/"]
[27,"PVC球阀","DN25",null,"个",3,null,null,300,900,"/"]
[28,"PPR球阀","DN25",null,"个",3,null,null,500,1500,"/"]
[29,"PPR球阀","DN25",null,"个",3,null,null,300,900,"/"]
[30,"PVC球阀","DN32",null,"个",3,null,null,350,1050,"/"]
[31,"PVC球阀","DN40",null,"个",3,null,null,500,1500,"/"]
[32,"PVC球阀","DN50",null,"个",3,null,null,500,1500,"/"]
[33,"PPR球阀","DN50",null,"个",3,null,null,400,1200,"/"]
[34,"PVC蝶阀","DN50*2\"",null,"个",3,null,null,350,1050,"/"]
[35,"PVC球阀","DN65",null,"个",3,null,null,600,1800,"/"]
[36,"PPR球阀","DN65",null,"个",3,null,null,600,1800,"/"]
[37,"PVC蝶阀","DN65直径75*2.5\"",null,"个",3,null,null,400,1200,"/"]
[38,"PPR球阀","DN80",null,"个",3,null,null,700,2100,"/"]
[39,"法兰","DN90",null,"个",3,null,null,300,900,"/"]
[40,"安全阀/背压阀","型号18615 口径：DN15  材质：PVC  压力：1.0Mpa",null,"个",2,null,null,3500,7000,"/"]
[41,"PVC蝶阀","直径90*3\"",null,"个",3,null,null,400,1200,"/"]
[42,"杠杆浮球式疏水阀","FT44G-4C  PN25  DN100进口0.8-1.25MPa，出口0.1-0.2MPa 冷凝水量15t/h",null,"个",1,null,null,14000,{"$f":"F44*I44","v":14000},"空冷后路冷凝水  "]
[43,"手动蝶阀","D41F-16C  DN80  RF（WCB/2Cr13/2Cr13/聚四氟乙烯）",null,"个",3,null,null,1300,{"$f":"F45*I45","v":3900},"水   "]
[44,"蝶阀","D41F-16C+PTFE   DN125  RF碳钢衬氟",null,"个",3,null,null,2000,6000,"循环洗涤液  "]
[45,"蝶阀","D41F-16C+PTFE   DN200  RF碳钢衬氟",null,"个",3,null,null,3500,10500,"循环洗涤液  "]
[46,"蝶阀","D41F-16C+PTFE   DN250  RF碳钢衬氟",null,"个",3,null,null,5000,15000,"循环洗涤液  "]
[47,"蝶阀","D41F-16C+PTFE   DN300  RF碳钢衬氟",null,"个",3,null,null,6200,18600,"循环洗涤液  "]
[48,"蝶阀","D41F-16C+PTFE   DN50  RF碳钢衬氟",null,"个",3,null,null,1300,3900,"循环洗涤液  "]
[49,"蝶阀","D41F-16C+PTFE   DN80  RF碳钢衬氟",null,"个",3,null,null,1400,4200,"循环洗涤液  "]
[50,"手动蝶阀","D41H-16C   DN65  RF（WCB/2Cr13/2Cr13/2Cr13）",null,"个",5,null,null,900,4500,"活性炭-漩涡风机后粉料风   "]
[51,"手动蝶阀","D41H-16C   DN80  RF（WCB/2Cr13/2Cr13/2Cr13）",null,"个",5,null,null,1200,6000,"消石灰-漩涡风机后粉料风   "]
[52,"Y型过滤器 ","DN25 PN16 30目壳体304、滤网304",null,"个",2,null,null,800,1600,"锅炉加药泵   "]
[53,"球阀","DN25 PPR",null,"个",5,null,null,200,1000,"循环水管及排水管    "]
[54,"自动回流三通阀","DN65×32  PN40  RFA105/304/304",null,"个",1,null,null,25000,25000,"锅炉给水    "]
[55,"直通平底篮式过滤器","DN80 PN16 10目壳体碳钢衬氟、滤网316L",null,"个",2,null,null,6000,12000,"循环洗涤液    "]
[56,"碳钢旋启式止回阀","H44H-16C  DN100   RF（WCB/2Cr13/2Cr13/2Cr13）",null,"个",2,null,null,1500,3000,"清水    "]
[57,"碳钢旋启式止回阀","H44H-16C  DN20   RF（WCB/2Cr13/2Cr13/2Cr13）",null,"个",2,null,null,400,800,"清水    "]
[58,"碳钢旋启式止回阀","H44H-16C  DN25   RF（WCB/2Cr13/2Cr13/2Cr13）",null,"个",10,null,null,400,4000,"压缩空气，清水，氮气，柴油    "]
[59,"碳钢旋启式止回阀","H44H-16C  DN50   RF（WCB/2Cr13/2Cr13/2Cr13）",null,"个",2,null,null,800,1600,"燃油，氮气，清水   "]
[60,"碳钢旋启式止回阀","H44H-16C  DN80   RF（WCB/2Cr13/2Cr13/2Cr13）",null,"个",2,null,null,1400,2800,"燃油，软化水    "]
[61,"止回阀","H44H-16C+PTFE  DN200  RF碳钢衬氟",null,"个",2,null,null,10000,20000,"循环洗涤液    "]
[62,"止回阀","H44H-16C+PTFE  DN250  RF碳钢衬氟",null,"个",2,null,null,18000,36000,"循环洗涤液    "]
[63,"止回阀","H44H-16C+PTFE  DN50  RF碳钢衬氟",null,"个",3,null,null,1500,4500,"循环洗涤液    "]
[64,"止回阀","H44H-16C+PTFE  DN65  RF碳钢衬氟",null,"个",3,null,null,2000,6000,"循环洗涤液    "]
[65,"碳钢旋启式止回阀","H44H-40C  DN25   RF（WCB/2Cr13/2Cr13/2Cr13）",null,"个",3,null,null,700,2100,"锅炉给水    "]
[66,"碳钢旋启式止回阀","H44H-40C  DN32   RF（WCB/2Cr13/2Cr13/2Cr13）",null,"个",3,null,null,700,2100,"锅炉给水    "]
[67,"碳钢旋启式止回阀","H44H-40C  DN65   RF（WCB/2Cr13/2Cr13/2Cr13）",null,"个",3,null,null,1400,4200,"锅炉给水    "]
[68,"不锈钢旋启式止回阀","H44W-16P  DN15   RF304/304/304/304",null,"个",3,null,null,600,1800,"仪表气      "]
[69,"止回阀","H44W-16P  DN25   RF304",null,"个",3,null,null,900,2700,"碱液    "]
[70,"不锈钢旋启式止回阀","H44W-16R  DN25   RF316L/316L/316L/316L",null,"个",3,null,null,1200,3600,"特殊废液    "]
[71,"不锈钢旋启式止回阀","H44W-16R  DN50   RF316L/316L/316L/316L",null,"个",3,null,null,3000,9000,"废液    "]
[72,"不锈钢旋启式止回阀","H44W-40P  DN25   RF304/304/304/304",null,"个",3,null,null,1100,3300,"磷酸盐溶液    "]
[73,"截止阀","J41F-16C+PTFE  DN125  RF（WCB/2Cr13/2Cr13/2Cr13）",null,"个",3,null,null,4200,12600,"循环洗涤液    "]
[74,"截止阀","J41F-16C+PTFE  DN50  RF（WCB/2Cr13/2Cr13/2Cr13）",null,"个",3,null,null,2200,6600,"循环洗涤液    "]
[75,"截止阀","J41F-16C+PTFE  DN65  RF（WCB/2Cr13/2Cr13/2Cr13）",null,"个",3,null,null,2050,6150,"循环洗涤液    "]
[76,"不锈钢截止阀  ","J41F-16P  DN15   RF（304/304/304/聚四氟乙烯）",null,"个",3,null,null,700,2100,"氨水    "]
[77,"不锈钢截止阀 ","J41F-16R  DN50   RF（316L/316L/316L/聚四氟乙烯）",null,"个",3,null,null,2100,6300,"废液    "]
[78,"碳钢截止阀  ","J41H-16C  DN100   RF（WCB/2Cr13/2Cr13/2Cr13）",null,"个",3,null,null,2200,6600,"清水    "]
[79,"碳钢截止阀  ","J41H-16C  DN50   RF（WCB/2Cr13/2Cr13/2Cr13）",null,"个",3,null,null,1100,3300,"燃油    "]
[80,"碳钢截止阀  ","J41H-16C  DN80   RF（WCB/2Cr13/2Cr13/2Cr13）",null,"个",3,null,null,1300,3900,"软化水，清水    "]
[81,"碳钢截止阀  ","J41H-25C  DN150   RF（WCB/2Cr13/2Cr13/2Cr13）",null,"个",3,null,null,4000,12000,"汽包蒸汽出口    "]
[82,"碳钢截止阀  ","J41H-25C  DN50   RF（WCB/2Cr13/2Cr13/2Cr13）",null,"个",3,null,null,900,2700,"蒸汽，锅炉排污    "]
[83,"碳钢截止阀  ","J41H-25C  DN65   RF（WCB/2Cr13/2Cr13/2Cr13）",null,"个",3,null,null,1300,3900,"蒸汽    "]
[84,"碳钢截止阀  ","J41H-40C  DN25   RF（WCB/2Cr13/2Cr13/2Cr13）",null,"个",3,null,null,900,2700,"锅炉给水    "]
[85,"碳钢截止阀  ","J41H-40C DN65 RF（WCB/2Cr13/2Cr13/2Cr13）",null,"个",3,null,null,2100,6300,"锅炉给水    "]
[86,"碳钢截止阀  ","J41Y-25C  DN25   RF（WCB/2Cr13/2Cr13/硬质合金）",null,"个",3,null,null,800,2400,"集箱排污    "]
[87,"自由浮球式疏水阀","JH7NF PN25  DN25进口0.8-1.25MPa，出口0.2-0.3MPa 冷凝水量0.5-0.65t/h",null,"个",3,null,null,2600,7800,"空气加热器冷凝水    "]
[88,"Y型过滤器 ","PN16C DN100 RF 30目壳体碳钢、滤网304",null,"个",3,null,null,1200,3600,"清水    "]
[89,"高低接管弧底篮式过滤器","PN16R DN50 RF 10目壳体316L，滤网为316L",null,"个",5,null,null,3800,19000,"废液    "]
[90,"直通式快开排污阀","PZ44Y-25C  DN25   RF（WCB/2Cr13/2Cr13/硬质合金）",null,"个",5,null,null,1500,7500,"锅炉排污、炉水取样    "]
[91,"碳钢球阀 ","Q41F-16C  DN10   RF（WCB/2Cr13/2Cr13/聚四氟乙烯）",null,"个",5,null,null,550,2750,"冷却水    "]
[92,"碳钢球阀 ","Q41F-16C  DN100  RF（WCB/2Cr13/2Cr13/聚四氟乙烯）",null,"个",5,null,null,1600,8000,"冷却水，软化水，清水    "]
[93,"碳钢球阀 ","Q41F-16C  DN15   RF（WCB/2Cr13/2Cr13/聚四氟乙烯）",null,"个",10,null,null,500,5000,"燃油，清水，压缩空气    "]
[94,"碳钢球阀 ","Q41F-16C  DN150  RF（WCB/2Cr13/2Cr13/聚四氟乙烯）",null,"个",5,null,null,3500,17500,"湿电除尘器排放    "]
[95,"碳钢球阀 ","Q41F-16C  DN20   RF（WCB/2Cr13/2Cr13/聚四氟乙烯）",null,"个",5,null,null,700,3500,"压缩空气，冷却水，清水    "]
[96,"碳钢球阀 ","Q41F-16C  DN25   RF（WCB/2Cr13/2Cr13/聚四氟乙烯）",null,"个",20,null,null,550,11000,"氨水，燃油，氮气，清水，压缩空气，软化水，冷凝水，石灰浆    "]
[97,"碳钢球阀 ","Q41F-16C  DN40   RF（WCB/2Cr13/2Cr13/聚四氟乙烯）",null,"个",8,null,null,1100,8800,"冷却水，压缩空气，清水    "]
[98,"碳钢球阀 ","Q41F-16C  DN50   RF（WCB/2Cr13/2Cr13/聚四氟乙烯）",null,"个",10,null,null,1000,10000,"燃油，氮气，冷却水，清水，石灰浆，压缩空气，废液    "]
[99,"碳钢球阀 ","Q41F-16C  DN80   RF（WCB/2Cr13/2Cr13/聚四氟乙烯）",null,"个",5,null,null,1300,6500,"燃油，清水，石灰浆    "]
[100,"球阀","Q41F-16C+PTFE  DN25  RF碳钢衬氟",null,"个",5,null,null,1000,5000,"循环洗涤液    "]
[101,"球阀","Q41F-16C+PTFE  DN50  RF碳钢衬氟",null,"个",5,null,null,1600,8000,"循环洗涤液    "]
[102,"球阀","Q41F-16C+PTFE  DN65  RF碳钢衬氟",null,"个",5,null,null,2000,10000,"循环洗涤液    "]
[103,"球阀","Q41F-16C+PTFE  DN80  RF碳钢衬氟",null,"个",5,null,null,2000,{"$f":"F105*I105","v":10000},"循环洗涤液    "]
[104,"不锈钢球阀 ","Q41F-16P  DN15   RF304/304/304/聚四氟乙烯",null,"个",5,null,null,900,4500,"仪表气      "]
[105,"球阀","Q41F-16P  DN25   RF304",null,"个",5,null,null,500,2500,"碱液    "]
[106,"不锈钢球阀 ","Q41F-16P  DN25   RF304/304/304/聚四氟乙烯",null,"个",5,null,null,1000,5000,"氨水    "]
[107,"球阀","Q41F-16P  DN50   RF304",null,"个",5,null,null,1100,5500,"碱液    "]
[108,"不锈钢球阀 ","Q41F-16P  DN50   RF304/304/304/聚四氟乙烯",null,"个",5,null,null,1400,7000,"仪表气      "]
[109,"不锈钢球阀 ","Q41F-16P  DN80   RF304/304/304/聚四氟乙烯",null,"个",5,null,null,2200,11000,"碱液    "]
[110,"不锈钢球阀 ","Q41F-16R  DN25   RF316L/316L/316L/聚四氟乙烯",null,"个",10,null,null,1000,10000,"废液，特殊废液    "]
[111,"不锈钢球阀 ","Q41F-16R  DN50   RF316L/316L/316L/聚四氟乙烯",null,"个",10,null,null,2000,20000,"废液    "]
[112,"不锈钢球阀 ","Q41F-16R  DN65   RF316L/316L/316L/聚四氟乙烯",null,"个",8,null,null,2200,17600,"废液    "]
[113,"碳钢球阀 ","Q41H-16C  DN100  RF（WCB/2Cr13/2Cr13/2Cr13）",null,"个",5,null,null,3300,16500,"接窑面罩燃烧风，窑尾冷却风接B线窑尾清焦喷枪    "]
[114,"碳钢球阀 ","Q41H-16C  DN80  RF（WCB/2Cr13/2Cr13/2Cr13）",null,"个",5,null,null,2200,11000,"闭环风    "]
[115,"直通平底篮式过滤器","SB型 PN16C DN50 RF 30目壳体碳钢、滤网304",null,"个",3,null,null,1500,4500,"柴油    "]
[116,"直通平底篮式过滤器","SB型 PN16R DN65 RF 30目壳体316L、滤网316L",null,"个",3,null,null,3800,11400,"废液    "]
[117,"热动力圆盘疏水阀","TD42F PN25  DN25进口0.8-1.25MPa，出口0-0.1MPa 冷凝水量0.1-0.5t/h",null,"个",2,null,null,700,1400,"蒸汽低点排凝、分汽缸冷凝水    "]
[118,"旋塞阀","X43H-16C  DN65   RF（WCB/316L/2Cr13/2Cr13）",null,"个",2,null,null,1800,3600,"石灰浆液    "]
[119,"旋塞阀","X43H-16C  DN80   RF（WCB/316L/2Cr13/2Cr13）",null,"个",2,null,null,2500,5000,"石灰浆液    "]
[120,"碳钢闸阀","Z41H-16C  DN100   RF（WCB/2Cr13/2Cr13/2Cr13）",null,"个",3,null,null,1800,5400,"软化水，除氧水，石灰粉卸车    "]
[121,"碳钢闸阀","Z41H-16C  DN25   RF（WCB/2Cr13/2Cr13/2Cr13）",null,"个",10,null,null,600,6000,"清水，软化水，除氧水，公共水    "]
[122,"碳钢闸阀","Z41H-16C  DN40   RF（WCB/2Cr13/2Cr13/2Cr13）",null,"个",3,null,null,700,2100,"软化水    "]
[123,"碳钢闸阀","Z41H-16C  DN50   RF（WCB/2Cr13/2Cr13/2Cr13）",null,"个",3,null,null,800,2400,"除氧水排污，软化水    "]
[124,"碳钢闸阀","Z41H-16C  DN80   RF（WCB/2Cr13/2Cr13/2Cr13）",null,"个",3,null,null,1200,3600,"软化水，除氧水    "]
[125,"碳钢闸阀","Z41H-25C  DN100  RF（WCB/2Cr13/2Cr13/2Cr13）",null,"个",3,null,null,1900,5700,"蒸汽，冷凝液    "]
[126,"碳钢闸阀","Z41H-25C  DN125  RF（WCB/2Cr13/2Cr13/2Cr13）",null,"个",3,null,null,2800,8400,"蒸汽    "]
[127,"碳钢闸阀","Z41H-25C  DN150  RF（WCB/2Cr13/2Cr13/2Cr13）",null,"个",3,null,null,3000,9000,"蒸汽    "]
[128,"碳钢闸阀","Z41H-25C  DN20   RF（WCB/2Cr13/2Cr13/2Cr13）",null,"个",3,null,null,500,1500,"蒸汽放空   "]
[129,"碳钢闸阀","Z41H-25C  DN25   RF（WCB/2Cr13/2Cr13/2Cr13）",null,"个",10,null,null,600,6000,"锅炉排污，冷凝液    "]
[130,"碳钢闸阀","Z41H-25C  DN40   RF（WCB/2Cr13/2Cr13/2Cr13）",null,"个",3,null,null,800,2400,"蒸汽    "]
[131,"碳钢闸阀","Z41H-25C  DN50   RF（WCB/2Cr13/2Cr13/2Cr13）",null,"个",5,null,null,800,4000,"蒸汽，锅炉排污    "]
[132,"碳钢闸阀","Z41H-25C  DN65   RF（WCB/2Cr13/2Cr13/2Cr13）",null,"个",3,null,null,1200,3600,"蒸汽，冷凝液    "]
[133,"碳钢闸阀","Z41H-40C  DN25   RF（WCB/2Cr13/2Cr13/2Cr13）",null,"个",3,null,null,700,2100,"锅炉给水    "]
[134,"碳钢闸阀","Z41H-40C  DN32   RF（WCB/2Cr13/2Cr13/2Cr13）",null,"个",3,null,null,800,2400,"锅炉给水    "]
[135,"碳钢闸阀","Z41H-40C  DN65   RF（WCB/2Cr13/2Cr13/2Cr13）",null,"个",3,null,null,2100,6300,"锅炉给水    "]
[136,"不锈钢闸阀","Z41W-16P  DN15   RF304/304/304/304",null,"个",3,null,null,500,1500,"氨水    "]
[137,"不锈钢闸阀","Z41W-40P  DN25   RF304/304/304/304",null,"个",3,null,null,1300,3900,"磷酸盐溶液    "]
[138,"碳钢旋启式止回阀","H44H-16C  DN40   RF（WCB/2Cr13/2Cr13/2Cr13）",null,"个",2,null,null,700,{"$f":"F140*I140","v":1400},"压缩空气  "]
[139,"不锈钢球阀 ","Q41F-16P  DN200  RF304/304/304/聚四氟乙烯",null,"个",1,null,null,6000,6000,"压缩空气  "]
[140,"金属软管","PN16 DN65  RF  L=250mm软管主材304，两端法兰为JB/T81-2015,PN16 RF，1系列",null,"根",2,null,null,800,1600,"锅炉给水泵进口"]
[141,"金属软管","PN40 DN65  RF  L=250mm软管主材304，两端法兰为JB/T82-2015,PN40 RF，1系列",null,"根",2,null,null,1200,2400,"锅炉给水泵出口"]
[142,"单球体橡胶软管","RFJD-1.6×DN100",null,"根",5,null,null,200,1000,"软化水泵进口"]
[143,"单球体橡胶软管","RFJD-1.6×DN100丁晴橡胶",null,"根",5,null,null,250,1250,"清水泵，反冲洗泵进口"]
[144,"单球体橡胶软管","RFJD-1.6×DN50（EPDM+PTFE）",null,"根",2,null,null,800,1600,"渣浆泵出口"]
[145,"单球体橡胶软管","RFJD-1.6×DN65（EPDM+PTFE）",null,"根",2,null,null,800,1600,"渣浆泵出口"]
[146,"单球体橡胶软管","RFJD-1.6×DN80 丁晴橡胶",null,"根",5,null,null,200,1000,"软化水泵出口"]
[147,"单球体橡胶软管","RFJD-1.6×DN80（ EPDM+PTFE）",null,"根",2,null,null,900,1800,"渣浆泵进口"]
[148,"同心异径橡胶软管","RFJYt-1.6×DN\n100×80丁晴橡胶",null,"根",5,null,null,450,2250,"软化水泵进口"]
[149,"同心异径橡胶软管","RFJYt-1.6×DN100×80丁晴橡胶",null,"根",5,null,null,450,2250,"清水泵，反冲洗泵出口"]
[150,"金属软管","材质：SS304 长度2500mm DN 15 PN1.6MPa，左端：松套法兰HG/20615-2009右端：G1/2外螺纹",null,"根",5,null,null,250,1250,"燃烧器（回转窑）"]
[151,"金属软管","材质：SS304 长度2500mm DN80 PN1.6MPa，左端：松套法兰HG/20615-2009右端：松套法兰HG/20615-2009",null,"根",5,null,null,1300,6500,"天然气（回转窑）"]
[152,"金属软管","材质：SS304+内衬PTPE长度1500mm，DN20 PN16左端：松套法兰HG/T20615-2009 右端：松套法兰HG/T20615-2009\n",null,"根",5,null,null,300,1500,"（窑头、二燃室）直接喂料"]
[153,"金属软管","材质：SS304+内衬PTPE长度2000mm，DN40 PN16左端：松套法兰HG/T20615-2009右端;松套法兰HG/T20615-2009",null,"根",5,null,null,700,3500,"（清焦喷枪）压缩空气"]
[154,"金属软管","材质：SS304+内衬PTPE长度2000mm，DN25 PN16左端：松套法兰HG/T20615-2009 右端：松套法兰HG/T20615-2009",null,"根",5,null,null,450,2250,"（清焦喷枪）燃油"]
[155,"金属软管","材质：SS304+内衬PTPE长度2500mm，DN20 PN16左端：松套法兰HG/T20615-2009 右端：松套法兰HG/T20615-2009\n",null,"根",5,null,null,300,1500,"（窑头、二燃室）高低值废液"]
[156,"异径金属软管","材质：SS304长度2500mm，DN40*32 PN16 左端：松套法兰HG/T20615-2009，DN40右端：松套法兰HG/T20615-2009，DN32",null,"根",5,null,null,550,2750,"（窑头、二燃室）压缩空气"]
[157,"金属软管","材质：SS304长度2500mm，DN40 PN16左端：松套法兰HG/T20615-2009，DN40右端：RP1-1/2外螺纹",null,"根",5,null,null,550,2750,"二燃室、窑头"]
[158,"橡胶软管","材质：橡胶软管含钢丝、长度2500mm，DN25 PN16左端：带90度弯头松套法兰HG/T20615-2009右端：与G1外牙连接的快接",null,"根",5,null,null,350,1750,"（压缩空气、石灰浆）吸收塔"]
[159,"异径金属软管","材质SS304 长度2500mm DN20*15 PN16，DN20*15 PN16左端：松套法兰HG/T20615-2009、DN20右端：松套法兰G/T20615-2009:DN15",null,"根",5,null,null,300,1500,"高热值废液（回转窑）"]
[160,"金属软管","材质SS304长度1000mm，DN15 PN16左端：松套法兰HG/T20615-2009,DN15、右端：G1/2外螺纹",null,"根",5,null,null,250,1250,"天然气（回转窑、二燃室）"]
[161,"异径金属软管","材质SS304长度2500mm，左端：松套法兰HG/T20615-2009，DN20右端：松套法兰HG/T20615-2009，DN15",null,"根",5,null,null,300,1500,"压缩空气（二燃室）"]
[162,"金属软管","材质SS304长度2500mm，DN20 PN16左端：松套法兰\nHG/T20615-2009右端：松套法兰HG/T20615-2009",null,"根",5,null,null,300,1500,"高热值喷枪（二燃室）"]
[163,"异径金属软管","材质SS304长度2500mmDN40*15PN16，左端：松套法兰HG/T20615-2009、DN40右端：松套法兰HG/T20615-2009:DN15",null,"根",5,null,null,550,2750,"A线压缩空气（回转窑）"]
[]
[{"$nulls":4},"合计",{"$nulls":3},{"$f":"SUM(J3:J165)","v":785250}]